Sustainable pandemic resilient guideline for healthy office building using indoor environmental quality elements

Bibliographic Details
Main Authors: Hishamuddin Bin Mohd Ali (Author), Ibrahim Sipan (Author), Juhaizah Talib@Harun (Author), Nur Amira Aina Zulkifli (Author), Rohaya Binti Abdul Jalil (Author), Shazmin Shareena Ab. Azis (Author), Zaleha Daud (Author)
Format: Book
Language:English

MARC

LEADER 00000cam a2200000 7i4500
001 0000030300
005 20241202.0
008 230807 my a eng
040 |a INS   |b eng   |c INS   |e rda 
090 0 0 |a Research 397   |b 2023 
100 0 |a Hishamuddin Bin Mohd Ali ,   |e author 
245 1 0 |a Sustainable pandemic resilient guideline for healthy office building using indoor environmental quality elements   |c Hishamuddin Bin Mohd Ali, Shazmin Shareena Ab. Azis, Ibrahim Sipan, Rohaya Binti Abdul Jalil, Zaleha Daud, Juhaizah Talib@Harun, Nur Amira Aina Zulkifli 
264 0 |c 2023 
300 |a xvii, 235 pages :   |b illustrations ;   |c 30 cm. 
336 |a text  |2 rdacontent 
337 |a unmediated  |2 rdamedia 
338 |a volume  |2 rdacarrier 
700 0 |a Ibrahim Sipan ,   |e author 
700 0 |a Juhaizah Talib@Harun ,   |e author 
700 0 |a Nur Amira Aina Zulkifli ,   |e author 
700 0 |a Rohaya Binti Abdul Jalil ,   |e author 
700 0 |a Shazmin Shareena Ab. Azis ,   |e author 
700 0 |a Zaleha Daud ,   |e author 
999 |a RES0000680   |b BOOK   |c Research By JPPH Staff   |e Default branch 
999 |a RES0000681   |b BOOK   |c Research By JPPH Staff   |e Default branch